Statistiken für Texte von Herbert Grönemeyer

Klicken Sie hier um das Quiz zu spielen!

Allgemein

  • Dieses Quiz wurde 108 mal gespielt
  • Das Durchschnittsergebnis liegt bei 8 aus 18

Antwortstatistiken

TextzeileLied% Korrekt
Außen hart und innen ganz weichMänner
87%
Auf deiner Königsallee finden keine Modenschauen stattBochum
81%
Willste Pommes dabei? Ach, dann gebense gleich zweiCurrywurst
77%
Momentan ist richtig, momentan ist gutMensch
67%
Die Armeen aus Gummibärchen, die Panzer aus MarzipanKinder an die Macht
65%
Kann nichts mehr essen, kann dich nicht vergessen, aber auch das gelingt mir nochFlugzeuge im Bauch
63%
Sie weiß nicht, dass der Schnee lautlos auf die Erde fällt, sie merkt nichts vom Klopfen an der WandMusik nur wenn sie laut ist
60%
Gelallte Schwüre in rot-blauem Licht, vierzigprozentiges GleichgewichtAlkohol
58%
Du kochst gerade sein Leibgericht, meine Faust will unbedingt in sein GesichtWas soll das
58%
Ich finde keine Parkplatz, ich komm zu spät zu dir mein SchatzMambo
51%
Du hast jeden Raum mit Sonne geflutet, hast jeden Verdruss ins Gegenteil verkehrtDer Weg
47%
Die Sekunden sind gezählt, Hoffnungen übergroßZeit dass sich was dreht
19%
Das Kissen mit der Autonummer, von meiner Großmama bestickt, kommt direkt neben den Dackel, der mit dem Kopf unaufhörlich nicktKadett
17%
Friedvoll, liebestoll, überwältigt von dir, schön dass es dich gibtHalt mich
14%
Du bist ein Unikat, das sein eigenes Orakel spieltLied 1 - Stück vom Himmel
14%
Übertritt Grenzen, und übersteuer, übersteuer und verfliegPilot
5%
Es steht nicht schlecht, aber auch nicht richtig gut, der Zeitpunkt ist noch günstig, dass sich was tutBist du da
4%
Keine Tränen, keine Gewalt, nichts ist richtig, nichts ist falschLetzte Version
3%

Verteilung der Resultate

Perzentil nach korrekt beantworteten Fragen

Anzahl Personen mit jedem Resultat

Ihre Resultats-Entwicklung

Sie haben dieses Quiz noch nicht gespielt